Inazuma Eleven : Tous les membres de Raimon - Statistiques

Statistiques générales
  • Ce quiz a été pris 139 fois
  • Le résultat moyen est 18 sur 22
Statistiques - réponses
Numéro Joueurs % Correct
1 Mark Evans
99%
10 Axel Blaze
98%
3 Jack Wallside
98%
14 Jude Sharp
96%
11 Kevin Dragonfly
92%
2 Nathan Swift
91%
9 Shawn Frost
91%
5 Tod Ironside
88%
16 Erik Eagle
87%
13 Bobby Shearer
83%
6 Scotty Banyan
77%
12 William Glass
76%
5 Darren LaChance
75%
8 Sam Kincaid
74%
8 Tori Vanguard
74%
4 Jim Wraith
71%
6 Steve Grim
71%
9 Maxwell Carson
69%
4 Hurley Kane
68%
7 Tim Saunders
68%
7 Sue Hartland
64%
11 Byron Love
58%
Aucun quiz correspondant
Distribution des résultats
% des personnes avec chaque résultat
Percentile par nombre de réponses
Votre historique - résultats
Vous n’avez pas pris ce quiz